<?xml version="1.0" encoding="UTF-8"?>
<record
    xmlns:xsi="http://www.w3.org/2001/XMLSchema-instance"
    xsi:schemaLocation="http://www.loc.gov/MARC21/slim http://www.loc.gov/standards/marcxml/schema/MARC21slim.xsd"
    xmlns="http://www.loc.gov/MARC21/slim">

  <leader>00813nam a2200241 a 4500</leader>
  <controlfield tag="001">BRCA_1727</controlfield>
  <controlfield tag="005">20190320203527.0</controlfield>
  <controlfield tag="008">030911s2003    mx-a---###---#000-0#spa-#</controlfield>
  <datafield tag="020" ind1=" " ind2=" ">
    <subfield code="a">9703500579</subfield>
  </datafield>
  <datafield tag="040" ind1=" " ind2=" ">
    <subfield code="a">DLC</subfield>
    <subfield code="c">DLC</subfield>
  </datafield>
  <datafield tag="041" ind1=" " ind2=" ">
    <subfield code="a">spa</subfield>
  </datafield>
  <datafield tag="044" ind1=" " ind2=" ">
    <subfield code="a">mx</subfield>
  </datafield>
  <datafield tag="050" ind1=" " ind2="4">
    <subfield code="a">TR646.M4</subfield>
    <subfield code="b">.F6 2003</subfield>
  </datafield>
  <datafield tag="245" ind1="1" ind2="0">
    <subfield code="a">Fotoseptiembre</subfield>
    <subfield code="b">10 aniversario : red de la imagen</subfield>
    <subfield code="c">dise&#xF1;o Lourdes Franco ; edici&#xF3;n Gustavo Prado.</subfield>
  </datafield>
  <datafield tag="260" ind1=" " ind2=" ">
    <subfield code="a">M&#xE9;xico</subfield>
    <subfield code="b">Centro de la Imagen : CONACULTA</subfield>
    <subfield code="c">2003</subfield>
  </datafield>
  <datafield tag="300" ind1=" " ind2=" ">
    <subfield code="a">183 p.</subfield>
    <subfield code="b">il. (algunas a color)</subfield>
    <subfield code="c">30 cm.</subfield>
    <subfield code="e">Gu&#xED;a 2003</subfield>
  </datafield>
  <datafield tag="650" ind1="1" ind2="4">
    <subfield code="a">Fotograf&#xED;a</subfield>
    <subfield code="v">Exposiciones</subfield>
    <subfield code="z">M&#xE9;xico</subfield>
    <subfield code="9">5398</subfield>
  </datafield>
  <datafield tag="650" ind1="1" ind2="4">
    <subfield code="a">Fot&#xF3;grafos</subfield>
    <subfield code="v">Exposiciones</subfield>
    <subfield code="z">M&#xE9;xico</subfield>
    <subfield code="9">5399</subfield>
  </datafield>
  <datafield tag="650" ind1="1" ind2="4">
    <subfield code="a">Fotograf&#xED;a art&#xED;stica</subfield>
    <subfield code="v">Exposiciones</subfield>
    <subfield code="z">M&#xE9;xico</subfield>
    <subfield code="9">5400</subfield>
  </datafield>
  <datafield tag="700" ind1="1" ind2=" ">
    <subfield code="a">Franco, Lourdes</subfield>
    <subfield code="9">5401</subfield>
  </datafield>
  <datafield tag="700" ind1="1" ind2=" ">
    <subfield code="a">Prado, Gustavo</subfield>
    <subfield code="e">ed.</subfield>
    <subfield code="9">5402</subfield>
  </datafield>
  <datafield tag="942" ind1=" " ind2=" ">
    <subfield code="2">lcc</subfield>
    <subfield code="c">B</subfield>
  </datafield>
  <datafield tag="999" ind1=" " ind2=" ">
    <subfield code="c">1515</subfield>
    <subfield code="d">1515</subfield>
  </datafield>
  <datafield tag="952" ind1=" " ind2=" ">
    <subfield code="0">0</subfield>
    <subfield code="1">0</subfield>
    <subfield code="4">0</subfield>
    <subfield code="7">0</subfield>
    <subfield code="a">BRCA</subfield>
    <subfield code="b">BRCA</subfield>
    <subfield code="d">2008-06-27</subfield>
    <subfield code="l">0</subfield>
    <subfield code="o">TR646.M4 .F6 2003</subfield>
    <subfield code="p">02364</subfield>
    <subfield code="r">2019-03-22 00:00:00</subfield>
    <subfield code="w">2019-03-22</subfield>
    <subfield code="y">B</subfield>
  </datafield>
</record>
